MANAGERIAL ECONOMICS:ECONOMIC TOOLS FOR TODAYS DECISION MAKERS (Record no. 189657)

MARC details
000 -LEADER
fixed length control field 00411nam a22001337a 4500
020 ## - INTERNATIONAL STANDARD BOOK NUMBER
International Standard Book Number 978-81-317-3353-0
082 ## - DEWEY DECIMAL CLASSIFICATION NUMBER
Classification number 338.092 PAU/MA
100 ## - MAIN ENTRY--PERSONAL NAME
Personal name PAUL. G. KEAT ,PHILIP K.Y.YOUNG ,SREEJATHA BANERJEE
245 ## - TITLE STATEMENT
Title MANAGERIAL ECONOMICS:ECONOMIC TOOLS FOR TODAYS DECISION MAKERS
250 ## - EDITION STATEMENT
Edition statement 6
260 ## - PUBLICATION, DISTRIBUTION, ETC. (IMPRINT)
Place of publication, distribution, etc. CHENNAI, DELHI
Name of publisher, distributor, etc. PEARSON INDIA EDUCATION SERVICRES PVT LTD
Date of publication, distribution, etc. 2011
300 ## - PHYSICAL DESCRIPTION
Extent 551
942 ## - ADDED ENTRY ELEMENTS (KOHA)
Source of classification or shelving scheme Dewey Decimal Classification
Koha item type Books (General)
Holdings
Withdrawn status Lost status Source of classification or shelving scheme Damaged status Not for loan Collection code Home library Current library Shelving location Date acquired Cost, normal purchase price Total Checkouts Full call number Date last seen Date checked out Price effective from Koha item type
    Dewey Decimal Classification     Malayalam College of Co-operation, Banking & Management Library, Vellanikkara College of Co-operation, Banking & Management Library, Vellanikkara   13/09/2017 699.00 3 338.092 PAU/MA 19/02/2019 31/01/2019 13/09/2017 Books (General)
Kerala Agricultural University Central Library
Thrissur-(Dt.), Kerala Pin:- 680656, India
Ph : (+91)(487) 2372219
E-mail: librarian@kau.in
Website: http://library.kau.in/